00679nam a22002417a 4500003000500000005001700005008004100022010001100063011001100074020001500085035001100100040000900111082002000120100002100140245005700161250001000218260007200228300003400300490002500334650002600359650002700385830002500412CHAP20220329143727.0110420s1978 us a r 00010 eng d a101007 a101979 a0470263172 a112667 cCHAP04a547.2bN78 197800aNorman, R. O. C.10aPrinciples of organic synthesisc/por Richard Norman a2 ed. aLondres :bChapman and Hall :aNew York :bJohn Wiley & Sons,c1978 axiii, 800 p. :bilus., tablas aA Halsted press book14aQuímica orgánica.14aReacciones químicas.0 aA Halsted press book